000 00464nam a2200145Ia 4500
003 OSt
005 20260227141616.0
008 211028s2019 xx 000 0 und d
040 _cAIMIT LIBRARY
041 _aeng
100 _aD'Souza, Venissa Claret; Kamath, T Ramesh.
_g1716216
_98189
245 _aAnalysis of investors risk perception towards mutual fund with special reference to AFA.Pvt. Ltd /
260 _aMangalore
_bSwapna Rose
_c2019
942 _2ddc
_cPRO
999 _c219757
_d219757